Sociálna práca s osobami s duševnými poruchami

Guardado en:
Detalles Bibliográficos
Otros Autores: Šuľová, Michaela, Lenčiš, Štefan, Nová, Monika
Formato: Libro
Lenguaje:eslovaco
Publicado: Ružomberok VERBUM - vydavateľstvo Katolíckej univerzity v Ružomberku 2019
Edición:1. vydanie
Materias:
Etiquetas: Agregar Etiqueta
Sin Etiquetas, Sea el primero en etiquetar este registro!

MARC

LEADER 00000nam a2200000 4500
001 0264239
005 20240822101708.7
020 |a 978-80-561-0684-6 
020 |a 978-80-561-0685-3 
041 0 |a slo 
044 |a SK 
245 1 0 |a Sociálna práca s osobami s duševnými poruchami  |c Michaela Šuľová a kol. ; recenzenti: Štefan Lenčiš, Monika Nová 
250 |a 1. vydanie 
264 1 |a Ružomberok  |b VERBUM - vydavateľstvo Katolíckej univerzity v Ružomberku  |c 2019 
300 |a 159 s. 
610 2 0 |a práca sociálna 
610 2 0 |a choroby duševné 
610 2 0 |a psychiatria 
700 1 |a Šuľová, Michaela 
700 1 |a Lenčiš, Štefan 
700 1 |a Nová, Monika